[Event "Budapest-chT1 Lilienthal 1112"]
[Site "Budapest"]
[Date "2012.02.05"]
[Round "7"]
[White "Mester, Attila"]
[Black "Monori, Zoltan"]
[Result "1-0"]
[WhiteElo "2122"]
[BlackElo "2113"]
[PlyCount "67"]
[EventDate "2011.10.02"]
[EventType "team-tourn"]
[EventRounds "11"]
[EventCountry "HUN"]
[SourceTitle "EXT 2020"]
[Source "ChessBase"]
[SourceDate "2019.10.17"]
[SourceVersion "1"]
[SourceVersionDate "2019.10.17"]
[SourceQuality "1"]
[WhiteTeam "Penzugyor III"]
[BlackTeam "Budapest Honved III"]
[WhiteTeamCountry "HUN"]
[BlackTeamCountry "HUN"]

1. e4 d6 2. d4 Nf6 3. Nc3 g6 4. Be3 Bg7 5. Qd2 0-0 6. 0-0-0 c6 7. Bh6 Qa5 8. f3 b5 9. Kb1 b4 10. Nce2 e5 11. Nc1 Be6 12. Nge2 Qb6 13. h4 a5 14. h5 Nbd7 15. Bxg7 Kxg7 16. hxg6 fxg6 17. Qh6+ Kg8 18. d5 Bf7 19. g4 cxd5 20. exd5 Rfc8 21. Ng3 Qf2 22. Bd3 Qxg3 23. g5 Qf4 24. Rde1 Qd4 25. gxf6 Nxf6 26. Be4 Qf2 27. Re2 Qg3 28. Nd3 Rc4 29. Ree1 Nxe4 30. Qxh7+ Kf8 31. fxe4 Rac8 32. Ref1 R8c7 33. Qh8+ Ke7 34. Qf6+ 1-0

[Event "HUN-chT2 Erkel 1112"]
[Site "Hungary"]
[Date "2011.10.30"]
[Round "2.4"]
[White "Monori, Zoltan"]
[Black "Kahn, Evarth"]
[Result "1-0"]
[WhiteElo "2113"]
[BlackElo "2252"]
[PlyCount "71"]
[EventDate "2011.09.25"]
[EventType "team-tourn"]
[EventRounds "11"]
[EventCountry "HUN"]
[SourceTitle "EXT 2013"]
[Source "ChessBase"]
[SourceDate "2012.11.22"]
[SourceVersion "1"]
[SourceVersionDate "2012.11.22"]
[SourceQuality "1"]
[WhiteTeam "Honved II"]
[BlackTeam "Szigetszentmiklos"]
[WhiteTeamCountry "HUN"]
[BlackTeamCountry "HUN"]

1. d4 Nf6 2. Nf3 g6 3. Bf4 Bg7 4. e3 d6 5. h3 0-0 6. Bc4 Nbd7 7. 0-0 Qe8 8. c3 c6 9. a4 e5 10. Bh2 Qe7 11. b4 e4 12. Ne1 Ne8 13. b5 Kh8 14. Nc2 Nb6 15. Be2 Be6 16. bxc6 bxc6 17. Nb4 a5 18. Nxc6 Qc7 19. Bb5 Bd5 20. Nb4 axb4 21. cxb4 Bc4 22. Bxc4 Qxc4 23. Nd2 Qd3 24. b5 Nd5 25. Qb3 Nc3 26. Qb2 Nxa4 27. Qb4 Nb6 28. Rxa8 Nxa8 29. Nc4 Nec7 30. Bxd6 Rb8 31. b6 Nd5 32. Qc5 Ndxb6 33. Ne5 Rc8 34. Nxd3 exd3 35. Qb4 Nc4 36. Bc5 1-0

[Event "HUN-chT 0203"]
[Site "Hungary"]
[Date "2003.02.02"]
[Round "6.12"]
[White "Monori, Zoltan"]
[Black "Albert, Kornelia"]
[Result "0-1"]
[WhiteElo "2135"]
[BlackElo "2122"]
[PlyCount "132"]
[EventDate "2002.09.22"]
[EventType "team"]
[EventRounds "11"]
[EventCountry "HUN"]
[SourceTitle "EXT 2004"]
[Source "ChessBase"]
[SourceDate "2003.11.25"]
[SourceVersion "1"]
[SourceVersionDate "2003.11.25"]
[SourceQuality "1"]
[WhiteTeam "PMSE"]
[BlackTeam "Statisztika"]
[WhiteTeamCountry "HUN"]
[BlackTeamCountry "HUN"]

1. d4 f5 2. Nf3 Nf6 3. Bf4 e6 4. e3 d5 5. c3 c6 6. Ne5 Be7 7. Nd2 Nbd7 8. Bd3 0-0 9. 0-0 Ne4 10. Nxe4 fxe4 11. Be2 Nxe5 12. Bxe5 Bd6 13. Bxd6 Qxd6 14. f3 exf3 15. Bxf3 e5 16. e4 dxe4 17. Bxe4 Rxf1+ 18. Qxf1 Be6 19. Qd3 h6 20. dxe5 Qxe5 21. a3 Rf8 22. Bf3 Qc5+ 23. Qd4 Qxd4+ 24. cxd4 Rd8 25. Rd1 Bd5 26. Kf2 Rf8 27. Ke3 Bxf3 28. gxf3 Re8+ 29. Kd3 Kf7 30. Rg1 Kf6 31. b4 g5 32. a4 Kf5 33. Rg4 Re1 34. h4 Rd1+ 35. Ke3 Rb1 36. d5 cxd5 37. hxg5 hxg5 38. b5 Rb3+ 39. Ke2 Rc3 40. Rd4 Ke5 41. Rg4 Kf5 42. Rd4 Rc5 43. Ke3 Ke6 44. Rg4 Rc3+ 45. Ke2 Rc4 46. Rxg5 Rxa4 47. b6 axb6 48. Rg6+ Kd7 49. Rxb6 Kc7 50. Rf6 b5 51. Kd3 Rc4 52. Rf7+ Kc6 53. Rf8 Kc5 54. f4 b4 55. Rc8+ Kb5 56. Rb8+ Ka4 57. Ra8+ Kb3 58. Ra5 Rxf4 59. Rxd5 Kb2 60. Kd2 Rc4 61. Rd8 b3 62. Rd7 Kb1 63. Ra7 b2 64. Rb7 Rc6 65. Rd7 Ra6 66. Kc3 Ka1 0-1

[Event "HUN-chT2"]
[Site "Hungary"]
[Date "1996.??.??"]
[Round "?"]
[White "Hoensch, Pal"]
[Black "Monori, Zoltan"]
[Result "0-1"]
[WhiteElo "2120"]
[BlackElo "2280"]
[PlyCount "50"]
[EventDate "1996.??.??"]
[EventType "team"]
[EventRounds "13"]
[EventCountry "HUN"]
[SourceTitle "EXT 2006"]
[Source "ChessBase"]
[SourceDate "2005.11.24"]
[SourceVersion "1"]
[SourceVersionDate "2005.11.24"]
[SourceQuality "1"]

1. d4 Nf6 2. c4 g6 3. Nf3 Bg7 4. g3 d6 5. Bg2 0-0 6. Nc3 c5 7. 0-0 Nc6 8. d5 Na5 9. Nd2 a6 10. Qc2 Rb8 11. b3 b5 12. Rb1 e5 13. dxe6 fxe6 14. Bb2 d5 15. cxd5 exd5 16. Nxd5 Nxd5 17. Bxg7 Kxg7 18. Bxd5 Qxd5 19. Qc3+ Kg8 20. Qxa5 Bh3 21. f3 Bxf1 22. Rxf1 Rbe8 23. Ne4 Rxe4 24. fxe4 Qd4+ 25. Kg2 Qxe4+ 0-1

[Event "HUN-chT2"]
[Site "Hungary"]
[Date "1996.??.??"]
[Round "?"]
[White "Sax, Gyula"]
[Black "Monori, Zoltan"]
[Result "1-0"]
[WhiteElo "2550"]
[BlackElo "2280"]
[PlyCount "63"]
[EventDate "1996.??.??"]
[EventType "team"]
[EventRounds "13"]
[EventCountry "HUN"]
[SourceTitle "EXT 2006"]
[Source "ChessBase"]
[SourceDate "2005.11.24"]
[SourceVersion "1"]
[SourceVersionDate "2005.11.24"]
[SourceQuality "1"]

1. e4 c5 2. Nf3 d6 3. d4 cxd4 4. Nxd4 Nf6 5. Nc3 a6 6. f4 e6 7. Qf3 Qb6 8. a3 Nc6 9. Nxc6 bxc6 10. b3 Bb7 11. Bb2 d5 12. 0-0-0 Qa5 13. e5 Nd7 14. Na4 Qc7 15. f5 Nxe5 16. Qg3 f6 17. fxe6 Bd6 18. Qh3 Bc8 19. Bd3 Nxd3+ 20. Rxd3 0-0 21. Re1 Re8 22. Kb1 Rb8 23. Qf5 Qe7 24. Rh3 h6 25. Rxh6 gxh6 26. Qg6+ Qg7 27. Qxe8+ Qf8 28. Qxc6 Bb7 29. Qd7 Bc8 30. Qa7 Qe7 31. Qe3 Bxa3 32. Qg3+ 1-0

[Event "HUN Egyetemi op"]
[Site "Hungary"]
[Date "1995.??.??"]
[Round "8"]
[White "Monori, Zoltan"]
[Black "Geher, Laszlo"]
[Result "0-1"]
[WhiteElo "2285"]
[BlackElo "2200"]
[PlyCount "36"]
[EventDate "1995.??.??"]
[EventType "swiss"]
[EventRounds "9"]
[EventCountry "HUN"]
[SourceTitle "EXT 2006"]
[Source "ChessBase"]
[SourceDate "2005.11.24"]
[SourceVersion "1"]
[SourceVersionDate "2005.11.24"]
[SourceQuality "1"]

1. e4 e5 2. f4 exf4 3. Bc4 Be7 4. Nf3 Nf6 5. e5 Ne4 6. 0-0 d5 7. Be2 g5 8. d3 Bc5+ 9. d4 Bb6 10. c4 g4 11. cxd5 gxf3 12. Rxf3 Qxd5 13. Rxf4 Nc6 14. Be3 Nxd4 15. Kh1 Qxe5 16. Bd3 Qxf4 17. Bxd4 Ng3+ 18. hxg3 Qh6+ 0-1

[Event "HUN Egyetemi op"]
[Site "Hungary"]
[Date "1995.??.??"]
[Round "4"]
[White "Monori, Zoltan"]
[Black "Sleisz, Tamas"]
[Result "1-0"]
[WhiteElo "2285"]
[BlackElo "2410"]
[PlyCount "59"]
[EventDate "1995.??.??"]
[EventType "swiss"]
[EventRounds "9"]
[EventCountry "HUN"]
[SourceTitle "EXT 2006"]
[Source "ChessBase"]
[SourceDate "2005.11.24"]
[SourceVersion "1"]
[SourceVersionDate "2005.11.24"]
[SourceQuality "1"]

1. e4 c6 2. d4 d5 3. exd5 cxd5 4. c4 Nf6 5. Nc3 e6 6. Nf3 Nc6 7. c5 h6 8. Bb5 Bd7 9. 0-0 a6 10. Ba4 Be7 11. a3 Qc7 12. Re1 b6 13. b4 a5 14. b5 Nd8 15. c6 Bc8 16. Ne5 Bd6 17. Qf3 Qe7 18. Bb3 0-0 19. Bc2 Nh7 20. Qd3 f5 21. Ng6 Qf6 22. Nxf8 Kxf8 23. Bb3 g5 24. Bxd5 exd5 25. Nxd5 Qf7 26. Nxb6 Rb8 27. Nc4 Qc7 28. a4 Bxh2+ 29. Kh1 Bd6 30. Nxd6 1-0